| 000 | 00409 a2200145 4500 | ||
|---|---|---|---|
| 005 | 20250627170427.0 | ||
| 020 | _a9780201716900 | ||
| 082 | _a657.02 PUR | ||
| 100 | _aPURBHOO,M. | ||
| 245 | _aUsing Simply 8.0 Accounting for Windows: An integrated simulation | ||
| 260 |
_aNew York. _bAddison Wesley _c2001 |
||
| 300 |
_axvii,685p.:ill.pictures,tables _bindex _c27cm. |
||
| 700 | _aPURBHOO,D. | ||
| 942 |
_2ddc _cBKS |
||
| 999 |
_c5771 _d5771 |
||